000
00327nam a2200109Ia 4500
008
171211s9999 xx 000 0 und d
245
_a
Disturbance Analysis for Power Systems
245
_c
Mohamed A. Ibrahim
260
_c
2011
650
_x
Engineering and Technology
856
_u
http://down.ebook777.com/064/9780470916810.pdf
999
_c
350287
_d
350287